Statistiques concernant Capitales les plus proches d'Ankara - une minute sprint

Cliquez ici pour prendre le quiz!

Statistiques générales

  • Ce quiz a été pris 37 fois
  • Le résultat moyen est 11 sur 20

Statistiques - réponses

kmcapitale% Correct
818Athènes
94%
854Sofia
91%
750Bucarest
81%
530Nicosie
78%
932Jérusalem
75%
776Damas
72%
1263Bagdad
59%
992Erevan
59%
712Beyrouth
56%
1028Tbilissi
53%
1111Tirana
53%
987Skopje
50%
930Amman
47%
1186Kiev
41%
1154Belgrade
38%
1109Le Caire
38%
1170Podgorica
31%
1023Pristina
31%
850Chișinău
22%
917Ramallah
0%

Distribution des résultats

Percentile par nombre de réponses

% des personnes avec chaque résultat

Votre développement - résultats

Vous n’avez pas pris ce quiz